| 000 | 00554nam a2200181Ia 4500 | ||
|---|---|---|---|
| 003 | 0100 | ||
| 005 | 20220519115746.0 | ||
| 008 | 130303s9999 xx 000 0 und d | ||
| 020 | _a0896224252 | ||
| 040 | _cARRUPELIB | ||
| 050 | _aBL48.B363 1984 | ||
| 100 |
_aBarnes, Michael Horace _951677 |
||
| 245 |
_aIn the presence of mystery _ban introduction to the story of human religiousness _cMichael Horace Barnes |
||
| 260 |
_aMystic, CON _bTwenty-Third Publications _c1984 |
||
| 300 |
_aviii, 330 p. ; _c 23 cm. |
||
| 300 | _b | ||
| 942 |
_2lcc _cMONOGRAPH |
||
| 999 |
_c8593 _d8593 |
||